<?xml version="1.0" encoding="UTF-8"?>
<marc:record xmlns:marc="http://www.loc.gov/MARC21/slim">
   <marc:leader>00000nam a2200000 a 4500</marc:leader>
   <marc:datafield ind1="1" ind2=" " tag="100">
      <marc:subfield code="a">Du Mont, Sky</marc:subfield>
   </marc:datafield>
   <marc:datafield ind1="0" ind2="0" tag="245">
      <marc:subfield code="a">Der Held der Schienen</marc:subfield>
   </marc:datafield>
   <marc:datafield ind1="0" ind2="0" tag="245">
      <marc:subfield code="b">Eine extralange Geschichte</marc:subfield>
   </marc:datafield>
   <marc:datafield ind1="0" ind2="0" tag="245">
      <marc:subfield code="c">erzählt von Sky Du Mont</marc:subfield>
   </marc:datafield>
   <marc:datafield ind1=" " ind2="1" tag="264">
      <marc:subfield code="b">Sony Music Entertainment</marc:subfield>
      <marc:subfield code="c">2010</marc:subfield>
   </marc:datafield>
   <marc:datafield ind1="1" ind2=" " tag="490">
      <marc:subfield code="a">Thomas &amp; seine Freunde</marc:subfield>
   </marc:datafield>
   <marc:datafield ind1="1" ind2=" " tag="520">
      <marc:subfield code="a">Es ist Sommer auf Sodor. Während eines wagemutigen Rennens zwischen Thomas und dem hochnäsigen Spencer rund um die Insel, versagen bei Thomas die Bremsen und er landet mitten im Gestrüpp. Dort entdeckt er eine verlassene Lokomotive: den verängstigte Hiro, der auf den Schrottplatz soll. Als Thomas Hiros traurige Geschichte hört, beschließt er sofort ihm zu helfen. Zusammen mit seinen Freunden, den anderen Lokomotiven, will er Hiro reparieren und ihn wieder auf den Gleisen zum Fahren bringen. Aber der heimtückische Spencer schleicht immer in der Nähe herum - wird er versuchen, die Pläne von Thomas &amp; seinen Freunden zu durchkreuzen? Eine extralange Geschichte mit Thomas &amp; seinen Freunden in neuer Animationstechnik!</marc:subfield>
   </marc:datafield>
   <marc:datafield ind1=" " ind2=" " tag="020">
      <marc:subfield code="a">B003GT8V80</marc:subfield>
      <marc:subfield code="9">B003GT8V80</marc:subfield>
   </marc:datafield>
   <marc:datafield ind1="0" ind2=" " tag="490">
      <marc:subfield code="v">0</marc:subfield>
   </marc:datafield>
   <marc:datafield ind1=" " ind2=" " tag="300">
      <marc:subfield code="a">1 DVD (50 Min .)</marc:subfield>
   </marc:datafield>
</marc:record>
